LEADER 01738nam0 2200253 450 001 000027612 005 20100708152443.0 100 $a20100708d1846----km-y0itay50------ba 101 0 $aita 102 $aIT 200 1 $aCenni storici sulla distrutta citta di Cuma ed altri opuscoli$fscritti da Camillo Minieri Riccio 210 $aNapoli$bCalata S. Sebastiano n. 15$cTipografia Vincenzo Priggiobba$d1846 215 $a38, 40 p.$d24 cm. 316 $aLegatura in quarto di pelle su piatti di cartone ricoperti di c. dec. (25x19x1 cm.); sul dorso A., tit. e filetti impressi in oro, ivi, inoltre, etichette di antiche segnature; foxing$5UNIPARTHENOPE 317 $aSulla controguardia ant. antiche segnature mss.: II S-III-35 [n.i.]; 238 i 3 [n.i.]; Clas X N.° 144 Ingresso n. 3470 del Registro inventario della Regia Marina Biblioteca dipartimentale di Napoli; sul r. della c. di g. ant.: 2L-III-7 class. Dewey dell'IUN: 945.208; Timbri A e B della Reale Biblioteca di Marina$5UNIPARTHENOPE 327 1 $aDigitalizzazione della copia, disponibile presso la Harvard University, a cura di Google:$uhttp://books.google.it/books?id=9hIwAAAAYAAJ&pg=PA22&dq=Cenni+storici+sulla+distrutta+citta+di+Cuma+ed+altri+opuscoli+/+scritti+da+Camillo+Minieri+Riccio&hl=it&ei=lbc1TMvqF4GUsQaX-q3AAQ&sa=X&oi=book_result&ct=result&resnum=1&ved=0CCMQ6AEwAA#v=onepage&q&f=false 676 $a945.731$v21$9Storia Napoli 700 1$aMinieri Riccio,$bCamillo$0449571 712 02$aDue Sicilie : Ministero della guerra e della marina$4390 801 0$aIT$bUNIPARTHENOPE$c20100708$gRICA$2UNIMARC 912 $a000027612 951 $aBORB-O/$b3470$cFB$d2010 996 $aCenni storici sulla distrutta citta di Cuma ed altri opuscoli$91211391 997 $aUNIPARTHENOPE LEADER 01593oam 2200421Ia 450 001 9910699016503321 005 20100122094603.0 035 $a(CKB)5470000002399724 035 $a(OCoLC)501306058 035 $a(OCoLC)995470000002399724 035 $a(EXLCZ)995470000002399724 100 $a20100122d2008 ua 0 101 0 $aeng 135 $aurcn||||||||| 181 $ctxt$2rdacontent 182 $cc$2rdamedia 183 $acr$2rdacarrier 200 10$aTechniques for evaluating objective video quality models using overlapping subjective data sets$b[electronic resource] /$fMargaret H. Pinson, Stephen Wolf 210 1$a[Boulder, CO?] :$cU.S. Dept. of Commerce, National Telecommunications and Information Administration,$d[2008] 215 $a1 online resource $cdigital, PDF file 225 1 $aNTIA technical report ;$v09-457 300 $aTitle from title screen (viewed Jan. 21, 2010). 300 $a"November 2008." 320 $aIncludes bibliographical references. 606 $aDigital video$xStandards 606 $aImaging systems$xImage quality 615 0$aDigital video$xStandards. 615 0$aImaging systems$xImage quality. 700 $aPinson$b Margaret$01381288 701 $aWolf$b Stephen C$01381289 712 02$aUnited States.$bNational Telecommunications and Information Administration. 801 0$bGPO 801 1$bGPO 801 2$bGPO 906 $aBOOK 912 $a9910699016503321 996 $aTechniques for evaluating objective video quality models using overlapping subjective data sets$93468043 997 $aUNINA